000 00824nam a2200253 a 4500
001 000017129
003 DO-SdBNP
005 20240412074245.0
008 100318s2007 dr 000 j spa d
020 _a9789945420326
040 _aDO-SdBNP
_bspa
_cBNPHU
082 4 _aRD863.44
_bT399s
_222
100 1 _aTherko Vargas, Luis,
_d1962-
_921856
245 1 0 _aSombra grande /
_cLuís Therko Vargas ; cuidado Lissette Ramírez.
260 _aSanto Domingo :
_bRumboSur,
_bNacional,
_c2007.
300 _a84 p. ;
_c17 cm.
500 _aIncluye datos biográficos del autor en la contracubierta.
590 _aInventariado, 2020 /LP
650 0 _aCuentos dominicanos
_9176
650 0 _aLiteratura dominicana.
_967
700 1 2 _aRamírez, Lissette
_937730
910 0 _aValidado. Control de calidad MFF
942 _2ddc
_cLBS1
999 _c16655
_d16655